The scrabble brand word guide /

Bibliographic Details
Main Author: Orleans, Jacob S. (Jacob Samuel), 1899-
Other Authors: Jacobson, Edmund, 1908-
Format: Book
Language:English
Published: New York, NY : Perigee Books, 1990.
Edition:2nd Perigee ed.
Subjects:

MARC

Tag First Indicator Second Indicator Subfields
LEADER 00000cam a2200000 a 4500
001 in00001006708
005 20150928091820.0
008 900419s1990 nyu d 00010 eng
010 |a  90037131  
020 |a 039951645X :  |c $6.95 ($9.25 Can.) 
035 |a (OCoLC)21524464 
035 |9 AFE5104AM 
040 |a DLC  |c DLC  |d UtOrBLW 
049 |a TXAM 
050 0 0 |a GV1507.S3  |b O73 1990 
082 0 0 |a 793.73  |2 20 
100 1 |a Orleans, Jacob S.  |q (Jacob Samuel),  |d 1899- 
240 1 0 |a Scrabble word guide 
245 1 4 |a The scrabble brand word guide /  |c Jacob Orleans and Edmund Jacobson. 
250 |a 2nd Perigee ed. 
264 1 |a New York, NY :  |b Perigee Books,  |c 1990. 
300 |a 96 pages ;  |c 21 cm. 
336 |a text  |b txt  |2 rdacontent 
337 |a unmediated  |b n  |2 rdamedia 
338 |a volume  |b nc  |2 rdacarrier 
500 |a Originally published under title: The Scrabble word guide. 1953. 
650 0 |a Scrabble (Game)  |v Glossaries, vocabularies, etc. 
700 1 |a Jacobson, Edmund,  |d 1908- 
999 |a MARS 
999 f f |s 9ed895ae-7de4-3b45-a48a-d1e0aa678e31  |i 4f517088-180a-3f48-af07-63ff9b9810cc  |t 0 
952 f f |p ric  |a Texas A&M University  |b Rellis Campus  |c Joint Library Facility  |d Remote Storage  |t 0  |e GV1507.S3 O73 1990  |h Library of Congress classification  |i unmediated -- volume  |m A14812578325 
998 f f |a GV1507.S3 O73 1990  |t 0  |l Remote Storage